ბათუმის შოთა რუსთაველის სახელმწიფო უნივერსიტეტის ბიბლიოთეკა

ფილოსოფიის შესავალი (ბიბ.ჩანაწერი № 34767)

000 -ლიდერი
ფიქსირებული სიგრძის საკონტროლო ველი 01142nam a2200265Ia 4500
001 - საკონტროლო ნომერი
საკონტროლო ველი 576
003 - საკონტროლო ნომრის იდენტიფიკატორი
საკონტროლო ველი GE_BSU
005 - ბოლო ოპერაციის თარიღი და დრო
საკონტროლო ველი 20210211132721.0
008 - ფიქსირებული სიგრძის მონაცემთა ელემენტები - ზოგადი ინფორმაცია
ფიქსირებული სიგრძის საკონტროლო ველი 181216s2010||||ge |||||||||||||| ||geo||
020 ## - წიგნის საერთაშორისო სტანდარტული ნომერი
International Standard Book Number 978994110259
040 ## - კატალოგიზაციის წყარო
Transcribing agency GE_BSU
041 ## - ენის კოდი
Language code of text/sound track or separate title geo
080 ## - უნივერსალური ათობითი კლასიფიკაციის ინდექსი
Universal Decimal Classification number 1(075.8) ფ-562
100 ## - მთავარი ჩანაწერი - პიროვნების სახელი
Personal name ბრაჭული, ირაკლი
9 (RLIN) 10107
245 ## - ცნობა სათაურის შესახებ
Title ფილოსოფიის შესავალი
Statement of responsibility, etc ზაქარიაძე,ანასტასია; რამიშვილი,ვალერიან; ჯალაღონია,დემურ.
250 ## - გამოცემის ცნობა
Edition statement გამოც.მე-2
264 ## - წარმოების, გამოცემის, დისტრიბუციის და სხვა ცნობები
გამოცემის, წარმოების, დისტრიბუციის... ადგილი თბილისი :
გამოცემის, წარმოების, დისტრიბუციის... სახელწოდება მერიდიანი,
გამოცემის, წარმოების, დისტრიბუციის... თარიღი 2010.
300 ## - ფიზიკური აღწერა
Extent 355 გვ.
653 ## - INDEX TERM--UNCONTROLLED
Uncontrolled term ფილოსოფია
653 ## - INDEX TERM--UNCONTROLLED
Uncontrolled term ფილოსოფიის შესავალი
700 ## - ADDED ENTRY--PERSONAL NAME
Personal name ზაქარიაძე, ანასტასია
Relator term ავტორი
9 (RLIN) 10108
700 ## - ADDED ENTRY--PERSONAL NAME
Relator code რამიშვილი, ვალერიან
Relator term ავტორი
9 (RLIN) 10109
700 ## - ADDED ENTRY--PERSONAL NAME
Relator code ჯალაღონია, დემურ
Relator term ავტორი
9 (RLIN) 10109
942 ## - ADDED ENTRY ELEMENTS (KOHA)
Koha item type წიგნი
Source of classification or shelving scheme
ეგზემპლარები
ჩამოწერის სტატუსი დაკარგული ეგზემპლარის სტატუსი დაზიანების სტატუსი არ გაიცემა შეძენის თარიღი შტრიხკოდი ბოლო ოპერაციის თარიღი ფასის ძალაში შესვლის თარიღი ეგზემპლარის სახეობა საჯარო შენიშვნა
        2018-12-17 2290 2018-12-17 2018-12-17 წიგნი საცავი
        2018-12-17 2291 2018-12-17 2018-12-17 წიგნი საცავი
        2018-12-17 2292 2018-12-17 2018-12-17 წიგნი საცავი
        2018-12-17 2293 2018-12-17 2018-12-17 წიგნი საცავი
        2018-12-17 2294 2018-12-17 2018-12-17 წიგნი საცავი
        2018-12-17 2295 2018-12-17 2018-12-17 წიგნი საცავი
        2018-12-17 2296 2018-12-17 2018-12-17 წიგნი საცავი
        2018-12-17 2297 2018-12-17 2018-12-17 წიგნი საცავი
        2018-12-17 2298 2018-12-17 2018-12-17 წიგნი საცავი
        2018-12-17 2299 2018-12-17 2018-12-17 წიგნი საცავი
        2018-12-17 2301 2018-12-17 2018-12-17 წიგნი საცავი
        2018-12-17 2302 2018-12-17 2018-12-17 წიგნი საცავი
        2018-12-17 2304 2018-12-17 2018-12-17 წიგნი საცავი
        2018-12-17 2303 2018-12-17 2018-12-17 წიგნი საცავი
        2018-12-17 2305 2018-12-17 2018-12-17 წიგნი საცავი
        2018-12-17 2306 2018-12-17 2018-12-17 წიგნი საცავი
        2018-12-17 2307 2018-12-17 2018-12-17 წიგნი საცავი
        2018-12-17 2308 2018-12-17 2018-12-17 წიგნი საცავი
        2018-12-17 2309 2018-12-17 2018-12-17 წიგნი საცავი